000 00329nam a2200133Ia 4500
008 220204s9999 xx 000 0 und d
082 _a054.027
_bDEN
245 0 _aIsotopes in molecular rearrangements
260 _aAmsterdam
_bElsevier
_c1975
650 _aIsotopes
700 _aBuncell, E
700 _aLee, C C
942 _cBK
999 _c25459
_d25459